=LDR 00000nam 2200000 4500 =001 INLIS000000000016631 =005 20130612111911 =008 ***********************************Ind** =035 ##$$0010-061300000016631 =041 ##$$a Ind =082 ##$$a 616 =090 ##$$a 616, Bur s =100 ##$$a Burton, J.L =245 ##$$a Segi praktis ilmu penyakit dalam, J.L Burton, MD. BSc FRCP =260 ##$$a 1990 $b Jakarta =300 ##$$a 362 hlm, ilus, 22 cm =650 ##$$a Penyakit dalam =850 ##$$a NBPNMAT